000
00267nam a22001097a 4500
008
170118b xxu||||| |||| 00| 0 eng d
020
_a
9780131383722
041
_a
eng
080
_a
618.2
245
_a
ELECTRONIC HEALTH RECORDS AND NURSING
_c
GARTEE, R
942
_2
udc
_c
BK
999
_c
3128
_d
3128